00673nam a2200193Ia 4500008004100000020001800041041000800059082001500067100001900082245007100101250001200172260002700184300000800211365001600219700001900235906005500254999001900309952015100328230718s9999 xx 000 0 und d a9780070703742 aeng a339.5bROY aRoy S.9110975 aMacroeconomic Policy EnvironmentbAn Analytical Guide For Managers a2nd ed. c2010bTata McGraw-Hill a333 cRs.b425.00 aRoy S.9110975 dO:0132930-Nov-2010B:588718-Oct-2010cGENRLb106.25 c326501d326501 00104070aCCEPbCCEPd2010-11-30eTbsfGENRLg318.75i5887l0o339.5pCCEP-BK-37708r2023-07-18 00:00:00t106.25v425.00w2010-10-18yBKz037708